| 000 | 00574nam a2200193 a 4500 | ||
|---|---|---|---|
| 005 | 20210223122747.0 | ||
| 008 | 991125s1977 mx 000 0 spa u | ||
| 020 | _a8427804555 | ||
| 035 | _aUPN01000041054 | ||
| 049 | _aCE | ||
| 050 | 4 |
_aGB332 _bB7.58 |
|
| 100 | 1 | _aBrander, Bruce | |
| 245 | 1 | 3 |
_aEl Nilo / _cpor Bruce Brander ; pref. de Melville Bell Grosvenor ; tr. Esteban Riambau. |
| 260 |
_aMéxico : _bDiana, _c1977. |
||
| 300 |
_a204 p. : _bprincipalmente il. |
||
| 651 | 4 |
_aEGIPTO - _xVIDA SOCIAL Y COSTUMBRES _99450 |
|
| 651 | 4 |
_aNILO, RIO _99464 |
|
| 905 | _aLibro | ||
| 999 |
_c41054 _d41054 |
||